Expedients sancionadors : manual de consulta manual de consulta
Publicado:
Barcelona :
Diputació de Barcelona. Àrea de Presidència. Direcció dels Serveis de Formació ,
2008
Descripción Física:
281 p. : quadres ; 29 cm
MARC
| LEADER | 00000nam a2200000Ia 4500 | ||
|---|---|---|---|
| 001 | 21785 | ||
| 008 | 160829s2008 xx 000 0 cat d | ||
| 080 | |a D-4-41 | ||
| 245 | |a Expedients sancionadors : |b manual de consulta | ||
| 260 | |a Barcelona : |b Diputació de Barcelona. Àrea de Presidència. Direcció dels Serveis de Formació, |c 2008 | ||
| 300 | |a 281 p. : |b quadres ; |c 29 cm | ||
| 590 | |a Bibliografia | ||
| 650 | |a Sancions administratives |x Dret i legislació |x Manuals, guies, etc. |9 45852 | ||
| 710 | |a Barcelona (Catalunya : Província). |b Direcció de Serveis de Formació |9 51343 | ||
| 901 | |a Arxiu | ||
| 942 | |n 1 | ||
| 952 | |0 0 |1 0 |4 0 |6 D441 |7 1 |9 52841 |a Arxiu |b Arxiu |d 2016-12-01 |l 0 |o D-4-41 |p 21785 |r 2016-12-01 00:00:00 |w 2016-12-01 |y ARXIU | ||
| 999 | |c 56690 |d 56690 | ||